Handbook of developmental neurotoxicology. / (Record no. 10381)
[ view plain ]
| 000 -LEADER | |
|---|---|
| fixed length control field | 01177cam a2200265 i 4500 |
| 001 - CONTROL NUMBER | |
| control field | 20305811 |
| 003 - CONTROL NUMBER IDENTIFIER | |
| control field | OSt |
| 005 - DATE AND TIME OF LATEST TRANSACTION | |
| control field | 20240828152945.0 |
| 008 - FIXED-LENGTH DATA ELEMENTS--GENERAL INFORMATION | |
| fixed length control field | 180124s2018 caua b 001 0 eng |
| 020 ## - INTERNATIONAL STANDARD BOOK NUMBER | |
| International Standard Book Number | 9780128094051 |
| 040 ## - CATALOGING SOURCE | |
| Transcribing agency | wiuc |
| 050 00 - LIBRARY OF CONGRESS CALL NUMBER | |
| Classification number | RC347.5.H33 |
| 245 00 - TITLE STATEMENT | |
| Title | Handbook of developmental neurotoxicology. / |
| Statement of responsibility, etc. | edited by William Slikker, Jr., Merle G. Paule, Cheng Wang |
| 250 ## - EDITION STATEMENT | |
| Edition statement | Second edition. |
| 264 #1 - PRODUCTION, PUBLICATION, DISTRIBUTION, MANUFACTURE, AND COPYRIGHT NOTICE | |
| Place of production, publication, distribution, manufacture | London, United Kingdom : |
| Name of producer, publisher, distributor, manufacturer | Academic Press, |
| Date of production, publication, distribution, manufacture, or copyright notice | 2018. |
| 300 ## - PHYSICAL DESCRIPTION | |
| Extent | xvii, 598 p. : |
| Other physical details | col. ills.; |
| Dimensions | 28 cm |
| 337 ## - MEDIA TYPE | |
| Media type code | n |
| 500 ## - GENERAL NOTE | |
| General note | Includes bibliographical references and index. |
| 505 ## - FORMATTED CONTENTS NOTE | |
| Formatted contents note | Content: Part I. Cellular and molecular morphogenesis of the nervous system -- Part II: developmental neurobiology/toxicology -- Part III: Synaptogenesis and neurotransmission -- Part IV: Nutrient and chemical disposition -- Part V: Behavioral assessment<br/>Part VI: Clinical assessment and epidemiology -- Part VII: Specific neurotoxic syndromes -- Part VIII: Risk assessment |
| 700 1# - ADDED ENTRY--PERSONAL NAME | |
| Personal name | Slikker, William, |
| Titles and other words associated with a name | Jr., |
| Relator term | editor. |
| 9 (RLIN) | 3004 |
| 700 1# - ADDED ENTRY--PERSONAL NAME | |
| Personal name | Paule, Merle G., |
| Relator term | editor. |
| 9 (RLIN) | 3005 |
| 700 1# - ADDED ENTRY--PERSONAL NAME | |
| Personal name | Wang, Cheng, |
| 9 (RLIN) | 3006 |
| 906 ## - LOCAL DATA ELEMENT F, LDF (RLIN) | |
| d | |
| 942 ## - ADDED ENTRY ELEMENTS (KOHA) | |
| Source of classification or shelving scheme | Library of Congress Classification |
| Koha item type | Books |
| Withdrawn status | Lost status | Source of classification or shelving scheme | Damaged status | Not for loan | Home library | Current library | Shelving location | Date acquired | Total Checkouts | Full call number | Barcode | Date last seen | Copy number | Price effective from | Koha item type |
|---|---|---|---|---|---|---|---|---|---|---|---|---|---|---|---|
| Library of Congress Classification | WISCONSIN INTERNATIONAL UNIVERSITY COLLEGE, GHANA KUMASI LIBRARY | WISCONSIN INTERNATIONAL UNIVERSITY COLLEGE, GHANA KUMASI LIBRARY | nursing | 23/08/2024 | RC347.5.H33(2e) | KSN/1362/103/24 | 23/08/2024 | 1 | 23/08/2024 | Books |
